Statistiques concernant 200m Hommes aux Jeux Olympiques

Cliquez ici pour prendre le quiz!

Statistiques générales

  • Ce quiz a été pris 41 fois
  • Le résultat moyen est 13 sur 81

Statistiques - réponses

AnnéeMédaillés% Correct
2008Usain Bolt
97%
2016Usain Bolt
97%
2012Usain Bolt
97%
1996Michael Johnson
69%
1984Carl Lewis
67%
Carl Lewis
67%
Larry Black
67%
Christophe Lemaitre
64%
Justin Gatlin
64%
Yohan Blake
59%
Andre De Grasse
56%
Frankie Fredericks
41%
Frankie Fredericks
41%
1936Jesse Owens
41%
Ato Boldon
38%
Ato Boldon
38%
1968Tommie Smith
38%
Pietro Mennea
33%
1980Pietro Mennea
33%
Walter Dix
18%
Warren Weir
13%
John Carlos
10%
1908Bobby Kerr
8%
Harry Edward
8%
1972Valeriy Borzov
8%
Bernard Williams
5%
Charlie Paddock
5%
Charlie Paddock
5%
Darren Campbell
5%
1948Mel Patton
5%
1992Michael Marsh
5%
1928Percy Williams
5%
Peter Norman
5%
1920Allen Woodring
3%
Andy Stanfield
3%
1952Andy Stanfield
3%
1904Archie Hahn
3%
1956Bobby Joe Morrow
3%
Don Quarrie
3%
1976Don Quarrie
3%
1932Eddie Tolan
3%
1964Henry Carr
3%
1924Jackson Scholz
3%
1988Joe DeLoach
3%
2000Konstadinos Kederis
3%
1960Livio Berruti
3%
1912Ralph Craig
3%
Shawn Crawford
3%
2004Shawn Crawford
3%
1900Walter Tewksbury
3%
Abdoulaye Seye
0%
Allan Wells
0%
Barney Ewell
0%
Don Lippincott
0%
Dwayne Evans
0%
Edwin Roberts
0%
Eric Liddell
0%
George Simpson
0%
Helmut Kornig
0%
James Gathers
0%
Kirk Baptiste
0%
Lester Carney
0%
Lloyd LaBeach
0%
Mack Robinson
0%
Michael Bates
0%
Millard Hampton
0%
Nate Cartmell
0%
Nate Cartmell
0%
Norman Pritchard
0%
Paul Drayton
0%
Ralph Metcalfe
0%
Robert Cloughen
0%
Robson da Silva
0%
Stanley Rowley
0%
Thane Baker
0%
Thane Baker
0%
Thomas Jefferson
0%
Tinus Osendarp
0%
Walter Rangeley
0%
William Applegarth
0%
William Hogenson
0%

Distribution des résultats

Percentile par nombre de réponses

% des personnes avec chaque résultat

Votre développement - résultats

Vous n’avez pas pris ce quiz